000 00344nam a2200145Ia 4500
008 230917s9999||||xx |||||||||||||| ||und||
040 _e43629
_aMAIN
041 _aEnglish
082 _a820.9 B146L
100 _aBagehot, Walter
245 0 _aLiterary studies
260 _aDelhi
_bAparna Publications
_c1985
300 _a381 p.
942 _cBK
999 _c52863
_d52863